000 00508nmm a2200169Ia 4500
008 251105s9999||||xx |||||||||||||||||und||
020 _a9789876991551
041 _aspa
100 _aStorni, Alfonsina
245 0 _aEscritos : imágenes de género
264 _a[Buenos Aires, Argentina] :
_bEduvim,
_c2014
300 _a364 páginas
490 _aLetras y pensamiento en el Bicentenario
650 _aGender and Women Studies
856 _uhttps://public.digitaliapublishing.com/a/41032
942 _cCF
999 _c97583
_d97583